الحضارة الإسلامية في القرن الرابع الهجري / (رقم التسجيلة. 21913)

تفاصيل مارك
000 -LEADER
fixed length control field 00583nam a22001697a 4500
005 - DATE AND TIME OF LATEST TRANSACTION
control field 20251108165210.0
008 - FIXED-LENGTH DATA ELEMENTS--GENERAL INFORMATION
fixed length control field 250721s1940 xx 000 0 ara d
082 14 - DEWEY DECIMAL CLASSIFICATION NUMBER
Classification number 956/متز
100 1# - MAIN ENTRY--PERSONAL NAME
Personal name متز، آدم
245 10 - TITLE STATEMENT
Title الحضارة الإسلامية في القرن الرابع الهجري /
264 1# - PRODUCTION, PUBLICATION, DISTRIBUTION, MANUFACTURE, AND COPYRIGHT NOTICE
Place of production, publication, distribution, manufacture القاهرة :
Name of producer, publisher, distributor, manufacturer مطبعة لجنة التأليف و الترجمة و النشر،
Date of production, publication, distribution, manufacture, or copyright notice 1940.
300 ## - PHYSICAL DESCRIPTION
Extent 2ج في 1مج
650 17 - SUBJECT ADDED ENTRY--TOPICAL TERM
Topical term or geographic name as entry element الحضارة الإسلامية
700 1# - ADDED ENTRY--PERSONAL NAME
Personal name عبد الهادي، محمد
Relator term tran.
942 ## - ADDED ENTRY ELEMENTS (KOHA)
Source of classification or shelving scheme Dewey Decimal Classification
Koha item type مراجع
المقتنيات
حالة السحب حالة الفقدان مصدر التصنيف حالة التلف غير قابل للإعارة المكتبة الرئيسية المكتبة الحالية موقع الرف تاريخ التزويد الرقم المتسلسل Total Checkouts رقم الإستدعاء الباركود تاريخ آخر ظهور تاريخ الفاتورة نوع المادة (كوها)
    Dewey Decimal Classification   Not For Loan مكتبة وادي السير العامة مكتبة وادي السير العامة مراجع 28/07/2025 [1758]......   956/متز PLD00235596 28/07/2025 28/07/2025 مراجع
Implemented & Customized by: BBB with SCIT (Smart Chains for Information Technology)

Powered by Koha